| 000 | 00692nam a2200205 a 4500 | ||
|---|---|---|---|
| 005 | 20140412111331.0 | ||
| 008 | 030206s19uu xx 00 eng d | ||
| 020 | _a0-15-221110-1 | ||
| 050 |
_aER _bCu928 |
||
| 100 | _aWatson, Pauline | ||
| 245 |
_aCurley cat baby-sits / _cby Pauline Watson ; pictures by Lorinda Bryan Cauley. |
||
| 260 |
_aNew York : _bHarcourt Brace Jovanovich. |
||
| 300 | _a1 v. (unp.) ; ill. | ||
| 440 | _aA Let Me Read Book | ||
| 520 | _aCurley Cat uses his imagination to entertain his little brother while their parents are away. | ||
| 650 | _aBrothers and sisters--Fiction | ||
| 650 | _aBaby sitters--Fiction | ||
| 650 | _aCats--Fiction | ||
| 999 |
_c104923 _d104923 |
||